000 01855nam a22002177a 4500
008 250625b |||||||| |||| 00| 0 eng d
020 _a9781534948709
040 _ctbs
041 _aeng
_aspa
100 _aSmith-Durán, Gordon
_925586
_eauthor
245 _aPerfecting the past in Spanish
_b: a workbook with the learner in mind
_c/ Gordon Smith-Durán.
260 _aGuadalajara, Spain :
_bLightSpeed Spanish,
_c2016.
300 _a209 pages :
_billustrations ;
_c28 cm.
520 _aDear student: Thank you for taking an interest in this book. We are sure that you will be very glad you did, why? Simply because once you have worked through the straightforward systems, the easy explanations and the practical exercises found here, you will be able to do the following with confidence: Use Ser and Estar accurately; Choose intelligently between the Preterite and Imperfect Past; Know how to say WAS and WERE correctly in Spanish; Understand and utilise the Perfect Past tenses....and so much more. Talking in the Past is a challenge you can overcome! This book has been designed and written for every passionate student of the Spanish language who currently struggles to talk in the past. We have created some simple-to-follow systems that clear up the mystery of when and how to choose each tense correctly. Just work through the book in the order that we have presented it to you and we promise you that the mists will clear and any confusion you may have had in the past, about the past, will disappear forever.
650 0 _aSpanish language
_xVerb
_vProblems, exercises, etc.
_925587
650 0 _aSpanish language
_xTense
_vProblems, exercises, etc.
_925588
650 0 _aSpanish language
_xTextbooks for foreign speakers
_xEnglish
_913590
655 0 _aSelf-instruction
_924883
700 _aSmith-Durán, Cynthia
_925589
_eauthor
942 _2lcc
999 _c4799
_d4799